Normal view
MARC view
- المدرسون-تقدير. المدرسون-تدريب
Entry Topical Term
001 - CONTROL NUMBER
- control field: 21671
003 - CONTROL NUMBER IDENTIFIER
- control field: JO-AjAnu
005 - DATE AND TIME OF LATEST TRANSACTION
- control field: 20230606073742.0
008 - FIXED-LENGTH DATA ELEMENTS
- fixed length control field: 230606|| aca||aabn | a|a d
040 ## - CATALOGING SOURCE
- Original cataloging agency: JO-AjAnu
- Transcribing agency: JO-AjAnu
150 ## - HEADING--TOPICAL TERM
- Topical term or geographic name entry element: المدرسون-تقدير. المدرسون-تدريب
670 ## - SOURCE DATA FOUND
- Source citation: Work cat.: (JO-AjAnu)11135: أبو لبدة،عبدالله علي مراجع/سليمان،محمد طالب السيد مترجم/Costantino,Patricia M م.مشارك/De Lorenzo,Marie مؤلف , author 21670, ملف الإنجاز المهني:دليل المعلم للتميز = Developing a Professional Teaching Portfolio